000 00961nam a2200241 a 4500
001 000045881
005 20240302073953.0
008 150526s2015 dr 000 0 spa d
020 _a9789945582192
040 _aDO-SdBNP
_bspa
_cBNPHU
082 _axxxx
_bxxxx
100 1 _aRosario Candelier, Bruno,
_d1941-
_9851
245 1 3 _aEl aspirar del aire :
_btemas sociales, culturales y literarios /
_cBruno Rosario Candelier.
260 _aSanto Domingo :
_bBanco de Central de la Repblica Dominicana,
_c2015.
300 _a508 p. ;
_c23 cm.
490 1 _aArte y literatura
_v71
490 1 _aBanco de Central de la Repblica Dominicana
_v210
500 _aIncluye datos biográficos del autor en la solapa de la cubierta.
500 _aIncluye referencias bibliográficas y notas al pie de las páginas.
500 _aIncluye índice onomástico
830 0 _aArte y literatura.
_n71
_973947
830 0 _aBanco de Central de la Repblica Dominicana.
_n210
_973948
999 _c45370
_d45370